Propuesta de implementación de una Oficina de Informática para el mejoramiento en los servicios de TIC's en la Empresa ENACAL, Estelí-Nicaragua
El estudio servirá de referencia para la toma de decisiones encaminadas a mejorar el registro y control de los procedimientos informáticos, para el perfeccionamiento del servicio, ya que minimiza ría el tiempo de respuesta en atención a los usuarios y permitirá maximizar la seguridad de los equ...
| Main Authors: | , |
|---|---|
| Other Authors: | |
| Format: | Tesis Section = Libro |
| Language: | Undetermined Spanish |
| Published: |
Managua
UNI/RUACS
2017
|
| Subjects: |
| LEADER | 01548nam a2200277Ia 4500 | ||
|---|---|---|---|
| 008 | 240830s9999 xx 000 0 und d | ||
| 040 | |a BIBLIOTECA-RUPAP Mon 651.59 V434 | ||
| 041 | |a spa | ||
| 082 | |a Mon 651.59 V434 | ||
| 100 | 1 | |a Velásquez Cruz, Brenda Sofía | |
| 100 | 1 | |b Olivas Rivera, Elmara José | |
| 245 | 1 | 0 | |a Propuesta de implementación de una Oficina de Informática para el mejoramiento en los servicios de TIC's en la Empresa ENACAL, Estelí-Nicaragua |
| 260 | |a Managua |b UNI/RUACS |c 2017 | ||
| 300 | |a 87 p. :il. | ||
| 500 | |a Contiene: anexos e Incluye: CD. | ||
| 502 | |a Tesis (Ingeniero de Sistemas)- UNI, 2017. | ||
| 520 | 3 | |a El estudio servirá de referencia para la toma de decisiones encaminadas a mejorar el registro y control de los procedimientos informáticos, para el perfeccionamiento del servicio, ya que minimiza ría el tiempo de respuesta en atención a los usuarios y permitirá maximizar la seguridad de los equipos así como también la seguridad de la información, esto permitirá a la Empresa tener un rendimiento óptimo en sus labores diarias mejorando su desempeño de una manera más eficiente y aportando a la estabilidad Empresarial. | |
| 650 | 7 | |a AUTOMATIZACION DE OFICINAS | |
| 650 | 7 | |b PROCESAMIENTO DE DATOS | |
| 650 | 7 | |c SISTEMAS DE ALMACENAMIENTO Y RECUPERACION DE INFORMACION | |
| 650 | 7 | |d BASES DE DATOS-DISEÑO | |
| 650 | 7 | |e DESARROLLO DE SOFTWARE Y HARDWARE | |
| 700 | 1 | |a Tutor: |b Hernández Zamora, Marcos Alfredo | |
| 942 | |c BK |2 ddc | ||
| 991 | |a TESIS | ||
| 999 | |c 16823 | ||